MARC

LEADER 00000nam0a2200000 4500
001 272606
005 20231101234542.0
020 |a RU  |b 87-66934 
035 |a (RuTPU)RU\TPU\book\295813 
090 |a 272606 
100 |a 20141020d1987 k y0rusy5003 ca 
101 0 |a rus 
102 |a RU 
105 |a a z 001zy 
200 1 |a Структура четных ядер  |f В. М. Беленький, Е. П. Григорьев 
210 |a Москва  |c Энергоатомиздат  |d 1987 
215 |a 306 с.  |c ил.  |d 22 см 
320 |a Библиогр.: с. 303-306 (149 назв.) 
606 1 |a Атомное ядро, деформированное  |x Четность  |2 stltpush  |3 (RuTPU)RU\TPU\subj\29714  |9 52989 
610 1 |a структура 
610 1 |a четное атомное ядро 
610 1 |a ядерные состояния 
610 1 |a свойства 
610 1 |a модельное описание 
610 1 |a четно-четные ядра 
610 1 |a интерпретация 
610 1 |a данные 
610 1 |a систематизация 
610 1 |a анализ 
675 |a 539.143.4  |z rus  |v 3 
700 1 |a Беленький  |b В. М.  |g Владимир Маркович  |4 070 
701 1 |a Григорьев  |b Е. П.  |g Евгений Петрович  |4 070 
801 0 |a RU  |b RuMRKP  |c 19950417  |g psbo 
801 1 |a RU  |b 63413507  |c 20141020 
801 2 |a RU  |b 63413507  |c 20161229  |g RCR 
942 |c BK